| 000 -LEADER |
| fixed length control field |
00635cam a2200181 a 4500 |
| 020 ## - INTERNATIONAL STANDARD BOOK NUMBER |
| ISBN |
9291150800 |
| 040 ## - CATALOGING SOURCE |
| Transcribing agency |
DLC |
| 082 ## - DEWEY DECIMAL CLASSIFICATION NUMBER |
| Classification number |
COP USE 1992 C077 Or. |
| 100 1# - MAIN ENTRY--AUTHOR NAME |
| Personal name |
Chhetri, Ram B. |
| 245 10 - TITLE STATEMENT |
| Title |
User group forestry in the far-western region of Nepal : |
| Remainder of title |
case studies from Baitadi and Achham / |
| 260 ## - PUBLICATION, DISTRIBUTION, ETC. (IMPRINT) |
| Place of publication |
Kathmandu : |
| Name of publisher |
International Centre for Integrated Mountain Development, |
| Year of publication |
c1992. |
| 300 ## - PHYSICAL DESCRIPTION |
| Number of Pages |
101 p. : |
| Other physical details |
col. ill., maps ; |
| Dimensions |
24 cm. |
| 650 #0 - SUBJECT ADDED ENTRY--TOPICAL TERM |
| Topical Term |
Forests and forestry |
| 650 #0 - SUBJECT ADDED ENTRY--TOPICAL TERM |
| Topical Term |
Forests and forestry |
| 700 1# - ADDED ENTRY--PERSONAL NAME |
| Personal name |
Pandey, Tulsi R. |
| 710 2# - ADDED ENTRY--CORPORATE NAME |
| Corporate name or jurisdiction name as entry element |
International Centre for Integrated Mountain Development. |
| 942 ## - ADDED ENTRY ELEMENTS (KOHA) |
| Koha item type |
ADB |
| 952 ## - LOCATION AND ITEM INFORMATION (KOHA) |
| Withdrawn status [LOCAL, KOHA] |
0 |